Sports Quiz

Random Sports or Clickable Quiz

Premier League Managers 2012-13 season 'Clickable' Quiz Stats

 Plays Quiz not verified by Sporcle

Challenge
Share
Tweet
Embed
Score 0/25 Timer 03:00
0 Plays Today
% Correct
Arsène Wenger
90.7%
Sir Alex Ferguson
86.8%
David Moyes
82.8%
Roberto Mancini
81.2%
Roberto Di Matteo
79.9%
Brendan Rodgers
79.8%
Alan Pardew
78.9%
Martin Jol
72.9%
Tony Pulis
67.6%
André Villas-Boas
64.4%
Paul Lambert
64.3%
Mark Hughes
63.9%
Rafael Benítez
57.4%
% Correct
Martin O'Neill
56.9%
Chris Hughton
54.6%
Roberto Martínez
54.6%
Harry Redknapp
53.1%
Nigel Adkins
52.7%
Sam Allardyce
52.4%
Brian McDermott
50.7%
Mauricio Pochettino
49.9%
Michael Laudrup
45.2%
Nigel Adkins
41.2%
Steve Clarke
39.3%
Paolo Di Canio
38.8%

You're not logged in!

Compare scores with friends on all Sporcle quizzes.
Join for Free
OR
Log In

You Might Also Like...

Show Comments

Extras

Top Quizzes Today


Score Distribution

Your Account Isn't Verified!

In order to create a playlist on Sporcle, you need to verify the email address you used during registration. Go to your Sporcle Settings to finish the process.

Report this User

Report this user for behavior that violates our Community Guidelines.

Details: